Louisville Alumni - Statistics

General Stats
  • This quiz has been taken 18 times
    3 since last reset
  • The average score is 6 of 13
Answer Stats
Hint Answer % Correct
Shooting guard who plays for the Cleveland Cavaliers Donovan Mitchell
100%
Quarterback who plays for the Baltimore Ravens Lamar Jackson
100%
Senator from Kentucky since 1985 and Senate Minority Leader since 2021 Mitch McConnell
100%
Quarterback who played most notably for the Minnesota Vikings Teddy Bridgewater
100%
Cornerback who plays for the Green Bay Packers Jaire Alexander
50%
Head football coach at his alma mater since 2023 Jeff Brohm
50%
Hall of Fame quarterback who played primarily for the Baltimore Colts Johnny Unitas
50%
Hall of Fame center who played for the Baltimore/Washington Bullets Wes Unseld
50%
Senator from Connecticut from 1981 to 2011 Chris Dodd
0%
Director of the CIA from 2018 to 2021 and first woman in this position Gina Haspel
0%
Head coach of the Arizona Cardinals since 2023 Jonathan Gannon
0%
Head football coach at Michigan from 2024 to 2025 Sherrone Moore
0%
Head football coach at Kentucky since 2025 Will Stein
0%
No matching quizzes found
Score Distribution
Percent of People with Each Score
Percentile by Number Answered
Your Score History
You have not taken this quiz since the last reset